[Event "1er festival tournois fermés EB"]
[Site "?"]
[Date "????.??.??"]
[Round "1"]
[White "Roch, Florian"]
[Black "Perez, Patrick"]
[Result "1-0"]
[WhiteElo "1787"]
[BlackElo "1807"]
[PlyCount "131"]

1. e4 g6 2. d4 Bg7 3. h4 h5 4. Nc3 d6 5. Be3 a6 6. Qd2 b5 7. Bd3 Bb7 8. Nh3 Nd7
9. Ng5 c5 10. Bf1 Qa5 11. Ne2 Qc7 12. c3 Ngf6 13. f3 O-O 14. Nf4 Rfe8 15. d5
Ne5 16. Be2 Bc8 17. O-O Bd7 18. b3 a5 19. Nd3 Nxd3 20. Qxd3 b4 21. Bd2 Reb8 22.
Rac1 Be8 23. c4 Bd7 24. f4 Ng4 25. Bxg4 Bxg4 26. f5 gxf5 27. exf5 Bf6 28. Nf3
Qd7 29. Nh2 Kh8 30. Kh1 Rg8 31. Be1 Rg7 32. Qe3 Bxf5 33. Nf3 Rag8 34. Rf2 Bg4
35. Re2 Bxf3 36. Qxf3 Qg4 37. Qxg4 Rxg4 38. g3 Be5 39. Rcc2 Bxg3 40. Bxg3 Rxg3
41. Rxe7 R3g4 42. Rxf7 Rxh4+ 43. Rh2 Rxh2+ 44. Kxh2 Ra8 45. Rf6 Ra6 46. Rh6+
Kg7 47. Rxh5 a4 48. Rh3 axb3 49. axb3 Kf6 50. Re3 Kf5 51. Kg3 Ra1 52. Kf3 Rf1+
53. Kg3 Rc1 54. Kf3 Rc3 55. Rxc3 bxc3 56. Ke3 c2 57. Kd2 Ke5 58. Kxc2 Kd4 59.
Kd2 Ke4 60. Kc3 Ke5 61. b4 cxb4+ 62. Kxb4 Kd4 63. Kb5 Ke5 64. Kc6 Kd4 65. Kxd6
Kxc4 66. Kc6 1-0

[Event "1er festival tournois fermés EB"]
[Site "?"]
[Date "2013.10.26"]
[Round "1"]
[White "Armentia, Marc"]
[Black "Bordas, Laurent"]
[Result "1/2-1/2"]
[WhiteElo "1648"]
[BlackElo "1556"]
[PlyCount "115"]

1. e4 c5 2. c3 Nc6 3. d4 Nf6 4. e5 Nd5 5. Nf3 e6 6. Bc4 Nb6 7. Bb3 d5 8. exd6
Bxd6 9. dxc5 Bxc5 10. Qxd8+ Nxd8 11. O-O O-O 12. Nbd2 Nc6 13. Ne4 Be7 14. Rd1
Bd7 15. Be3 Rfd8 16. Bc5 Be8 17. Bxe7 Nxe7 18. Nd6 Bc6 19. Ne5 Rf8 20. Ndxf7
Nbd5 21. Nxc6 Rxf7 22. Nxe7+ Rxe7 23. Bxd5 exd5 24. Rxd5 Rae8 25. Kf1 Re2 26.
Rb5 b6 27. a4 Rc2 28. Re1 Rd8 29. Rbe5 Rxb2 30. Re8+ Rxe8 31. Rxe8+ Kf7 32. Ra8
a5 33. Rb8 Rb3 34. Rc8 Ke6 35. Ke2 h6 36. Kd3 Rb2 37. Kc4 Kf6 38. Kd5 Kg5 39.
Kc6 Rxf2 40. Kxb6 Rxg2 41. Kxa5 Rxh2 42. Kb6 Rb2+ 43. Ka6 h5 44. Rc5+ Kg4 45.
Rc4+ Kg3 46. Rb4 Ra2 47. c4 h4 48. c5 h3 49. Kb6 h2 50. Rb1 Kg2 51. a5 h1=Q 52.
Rxh1 Kxh1 53. a6 g5 54. c6 Rb2+ 55. Kc7 g4 56. a7 Ra2 57. Kb7 g3 58. c7 1/2-1/2

[Event "1er festival tournois fermés EB"]
[Site "?"]
[Date "2013.10.26"]
[Round "1"]
[White "Merlet, François"]
[Black "Boizante, Yvain"]
[Result "0-1"]
[WhiteElo "1635"]
[BlackElo "2190"]
[PlyCount "88"]

1. d4 Nf6 2. Nf3 g6 3. Bg5 Bg7 4. Nbd2 O-O 5. c3 d5 6. e3 Nbd7 7. Bd3 b6 8. e4
dxe4 9. Nxe4 Bb7 10. Ng3 c5 11. O-O Qc7 12. Re1 h6 13. Bxf6 Bxf6 14. Be4 Rad8
15. Bxb7 Qxb7 16. Ne4 Bg7 17. Qb3 cxd4 18. Nxd4 Nf6 19. Nxf6+ Bxf6 20. Nf3 Kg7
21. Ne5 h5 22. Nf3 Rd5 23. Rad1 Rfd8 24. Rxd5 Qxd5 25. Qxd5 Rxd5 26. Kf1 g5 27.
Ke2 g4 28. Nd2 Be5 29. Ne4 Bf4 30. g3 Bh6 31. Rd1 Re5 32. Kd3 f5 33. Nd2 Kf6
34. Nc4 Rd5+ 35. Kc2 Rxd1 36. Kxd1 f4 37. Nd2 f3 38. c4 Ke5 39. Kc2 Kd4 40. b3
Bxd2 41. Kxd2 e6 42. Kc2 e5 43. Kd2 e4 44. a4 a5 0-1

[Event "1er festival tournois fermés EB"]
[Site "?"]
[Date "2013.10.26"]
[Round "1"]
[White "Maisonnet, Emmanuel"]
[Black "Alard, Pierre"]
[Result "0-1"]
[WhiteElo "1694"]
[BlackElo "1793"]
[PlyCount "66"]

1. d4 Nf6 2. c4 g6 3. Nc3 Bg7 4. e4 d6 5. f3 O-O 6. Be3 Nbd7 7. Bd3 e5 8. Nge2
exd4 9. Nxd4 c6 10. Qd2 Ne5 11. Be2 Re8 12. O-O Nh5 13. Rad1 Nf6 14. a3 a6 15.
Rc1 c5 16. Nb3 Be6 17. Nd5 Nxd5 18. cxd5 Bd7 19. Na5 Rb8 20. b4 b6 21. Nc4 Nxc4
22. Bxc4 b5 23. Bb3 c4 24. Ba2 f5 25. Bb1 Qe7 26. Rfe1 Qf6 27. Kh1 Qb2 28. Qxb2
Bxb2 29. Rc2 Bxa3 30. Bd2 Rbc8 31. Ra2 c3 32. Bf4 Bxb4 33. Bc2 a5 0-1

[Event "1er festival tournois fermés EB"]
[Site "?"]
[Date "2013.10.27"]
[Round "2"]
[White "Perez, Patrick"]
[Black "Maisonnet, Emmanuel"]
[Result "1-0"]
[WhiteElo "1807"]
[BlackElo "1694"]
[PlyCount "57"]

1. c4 Nf6 2. Nf3 g6 3. g3 Bg7 4. Bg2 d6 5. O-O O-O 6. Nc3 e5 7. d3 Nc6 8. Bg5
Ne7 9. Rb1 c6 10. b4 a5 11. b5 cxb5 12. Rxb5 Rb8 13. Nd2 Qc7 14. Qb1 h6 15.
Bxf6 Bxf6 16. Rb6 Rd8 17. Qb3 Rd7 18. Rb1 Nf5 19. e3 Qd8 20. Qb5 Ne7 21. Qxa5
Nc6 22. Qb5 Na7 23. Qb3 Kg7 24. a4 Rc7 25. a5 Be6 26. a6 Rbc8 27. axb7 Rb8 28.
Qa4 Rcxb7 29. Rxb7 1-0

[Event "1er festival tournois fermés EB"]
[Site "?"]
[Date "2013.10.27"]
[Round "2"]
[White "Bordas, Laurent"]
[Black "Roch, Florian"]
[Result "0-1"]
[WhiteElo "1556"]
[BlackElo "1787"]
[PlyCount "62"]

1. d4 Nf6 2. Bg5 e6 3. c4 Bb4+ 4. Nc3 h6 5. Bh4 c5 6. e3 Qa5 7. Rc1 Ne4 8. Qc2
cxd4 9. exd4 Nxc3 10. bxc3 Ba3 11. Rd1 d6 12. Bd3 Bd7 13. Rb1 Ba4 14. Qd2 Bc6
15. d5 exd5 16. Qe3+ Kf8 17. Ne2 Na6 18. O-O Re8 19. Qd2 dxc4 20. Bxc4 Re4 21.
Bxa6 Qxa6 22. Bg3 Rxe2 23. Bxd6+ Bxd6 24. Qxd6+ Kg8 25. Qf4 Bd5 26. a4 Be6 27.
Qb4 b6 28. Rfd1 Kh7 29. Rd6 Qc4 30. Rbd1 Qxb4 31. cxb4 Rc8 0-1

[Event "1er festival  tournois fermés EB"]
[Site "?"]
[Date "2013.10.27"]
[Round "2"]
[White "Sebille, Alain"]
[Black "Armentia, Marc"]
[Result "1-0"]
[WhiteElo "1880"]
[BlackElo "1648"]
[PlyCount "90"]
[EventDate "2013.??.??"]

1. d4 c5 2. d5 g6 3. c4 Bg7 4. Nc3 d6 5. e4 Nf6 6. f4 O-O 7. Nf3 e6 8. Bd3 exd5
9. cxd5 Re8 10. O-O a6 11. a4 Ng4 12. h3 Nf6 13. Nd2 Nbd7 14. Qf3 b6 15. Nc4
Qc7 16. Bd2 Bb7 17. Rae1 Re7 18. Qf2 Rae8 19. e5 Nxd5 20. exd6 Bd4 21. dxc7
Bxf2+ 22. Kxf2 Nxc7 23. Nd6 Rxe1 24. Rxe1 Rxe1 25. Bxe1 Bc6 26. Bd2 Nf6 27. Bc4
Ncd5 28. Nxd5 Bxd5 29. Bxd5 Nxd5 30. Kf3 Kf8 31. Ke4 Nc7 32. g4 b5 33. Ba5 Ne6
34. axb5 axb5 35. Nxb5 Ke7 36. Bd2 f6 37. f5 Ng5+ 38. Bxg5 fxg5 39. Ke5 Kf7 40.
f6 h5 41. Nd6+ Kf8 42. Ke6 hxg4 43. hxg4 c4 44. Nxc4 Ke8 45. f7+ Kf8 1-0

[Event "1er festival tournois fermés EB"]
[Site "?"]
[Date "2013.10.27"]
[Round "2"]
[White "Merlet, François"]
[Black "Armentia, Julien"]
[Result "0-1"]
[WhiteElo "1635"]
[BlackElo "1637"]
[PlyCount "146"]

1. d4 Nf6 2. Nf3 g6 3. Bg5 Bg7 4. Nbd2 O-O 5. e3 d5 6. Bd3 Nbd7 7. O-O b6 8.
Re1 c5 9. c3 Bb7 10. e4 cxd4 11. cxd4 dxe4 12. Nxe4 h6 13. Nxf6+ Nxf6 14. Bf4
Bxf3 15. Qxf3 Qxd4 16. Be5 Qd5 17. Qxd5 Nxd5 18. Bxg7 Kxg7 19. Ba6 Nb4 20. Bb7
Rae8 21. Re2 e6 22. a3 Nd3 23. b4 Rd8 24. Ba6 Rd5 25. g3 Rfd8 26. Bc4 Rd4 27.
Bxd3 Rxd3 28. Rc2 Kf6 29. Rc7 R8d7 30. Rxd7 Rxd7 31. b5 Kf5 32. Kf1 Kg4 33. Kg2
f5 34. Ra2 f4 35. h3+ Kf5 36. g4+ Kg5 37. Re2 Kf6 38. h4 Rd3 39. Ra2 Ke5 40. a4
Kd5 41. a5 Rb3 42. axb6 axb6 43. Rd2+ Ke5 44. Re2+ Kf6 45. Rc2 Rxb5 46. Rc6 Rb3
47. Rc8 g5 48. h5 b5 49. Rf8+ Kg7 50. Re8 b4 51. Rxe6 Rb1 52. Rb6 b3 53. Kf3 b2
54. Kg2 Kf7 55. Kf3 Ke7 56. Ke2 Kd7 57. Kd2 Kc7 58. Rb3 Rf1 59. Kc2 Rxf2+ 60.
Kb1 Rg2 61. Ra3 Rxg4 62. Kxb2 Rh4 63. Kc2 g4 64. Kd2 f3 65. Ke1 Rxh5 66. Kf2
Rg5 67. Kg3 Kd6 68. Ra6+ Kc5 69. Rxh6 Kd4 70. Ra6 Rf5 71. Kf2 g3+ 72. Kxg3 f2
73. Ra4+ Kc3 0-1

[Event "1er festival tournois fermés EB"]
[Site "?"]
[Date "2013.10.27"]
[Round "2"]
[White "Boizante, Yvain"]
[Black "Alard, Pierre"]
[Result "1-0"]
[WhiteElo "2190"]
[BlackElo "1793"]
[PlyCount "85"]

1. c4 e5 2. Nc3 g6 3. Nf3 d6 4. d4 Nd7 5. e4 Bg7 6. Be2 Ngf6 7. O-O O-O 8. Be3
h6 9. h3 c6 10. Qd2 Kh7 11. Rad1 Qc7 12. Rfe1 exd4 13. Nxd4 Re8 14. Qc2 Nc5 15.
Bf3 Ne6 16. Nb3 Qe7 17. Qd2 Rd8 18. g3 Ne8 19. Bg2 Ng5 20. Kh2 Qf6 21. f4 Ne6
22. Qf2 N6c7 23. Bxa7 c5 24. Bb6 Ra6 25. Bxc7 Nxc7 26. e5 dxe5 27. Rxd8 Qxd8
28. fxe5 b6 29. Qxf7 Be6 30. Qf4 Qd3 31. Bf1 Qd7 32. a3 Ra8 33. Rd1 Qe7 34. Qe3
Qf7 35. Bg2 Rf8 36. Nd5 Rd8 37. Rf1 Qg8 38. Nxc7 Bxc4 39. Nd2 Bxf1 40. Nxf1 Qf7
41. Nd5 Rxd5 42. e6 Qb7 43. e7 1-0

[Event "1er festival tournois fermés EB"]
[Site "?"]
[Date "2013.10.28"]
[Round "3"]
[White "Alard, Pierre"]
[Black "Perez, Patrick"]
[Result "0-1"]
[WhiteElo "1793"]
[BlackElo "1807"]
[PlyCount "43"]

1. b3 c5 2. Bb2 d6 3. c4 Nd7 4. f4 Ngf6 5. Nf3 g6 6. g3 Bg7 7. Bg2 O-O 8. O-O
e6 9. Na3 a6 10. Nc2 Qc7 11. Rc1 Re8 12. d3 Rb8 13. e4 b5 14. Ne3 Ng4 15. Nxg4
Bxb2 16. Rc2 Bg7 17. e5 dxe5 18. fxe5 h5 19. Ng5 hxg4 20. Rxf7 Qxe5 21. Qxg4
Qd4+ 22. Kh1 0-1

[Event "1er festival tournois fermés EB"]
[Site "?"]
[Date "2013.10.28"]
[Round "3"]
[White "Armentia, Marc"]
[Black "Merlet, François"]
[Result "1/2-1/2"]
[WhiteElo "1648"]
[BlackElo "1635"]
[PlyCount "65"]

1. e4 c6 2. d4 d5 3. exd5 cxd5 4. Bd3 Nf6 5. Nf3 Bg4 6. h3 Bh5 7. c3 e6 8. O-O
Bd6 9. Bg5 Nbd7 10. Nbd2 Qc7 11. Re1 Bh2+ 12. Kh1 Bf4 13. Bxf4 Qxf4 14. Qe2 Bg6
15. Bxg6 hxg6 16. Qe3 Qf5 17. Rac1 Ng4 18. Qe2 Ke7 19. Kg1 Rxh3 20. gxh3 Rh8
21. Qf1 Ngf6 22. Qg2 Rxh3 23. Ne5 Rh5 24. Ndf3 Ne4 25. Qg4 Rg5 26. Nxg5 Qxf2+
27. Kh1 Ng3+ 28. Qxg3 Qxg3 29. Ngxf7 Nf6 30. Re2 Ne4 31. Rg2 Nf2+ 32. Kg1 Nh3+
33. Kh1 1/2-1/2

[Event "1er festival tournois fermés EB"]
[Site "?"]
[Date "2013.10.28"]
[Round "3"]
[White "Armentia, Julien"]
[Black "Boizante, Yvain"]
[Result "0-1"]
[WhiteElo "1637"]
[BlackElo "2190"]
[PlyCount "88"]
[EventDate "2013.??.??"]

1. e4 c5 2. Nf3 g6 3. d4 cxd4 4. Nxd4 Bg7 5. Be3 Nc6 6. Nc3 Nf6 7. f3 O-O 8.
Bc4 Qb6 9. Bb3 Nxe4 10. Nd5 Qa5+ 11. c3 Nf6 12. Nxc6 dxc6 13. Nxe7+ Kh8 14.
Nxc8 Raxc8 15. O-O Rcd8 16. Qc2 Nd5 17. Bf2 Qc7 18. Rad1 Be5 19. g3 Nb6 20.
Rfe1 Kg8 21. f4 Bf6 22. f5 Kg7 23. Qe4 Rxd1 24. Rxd1 Rd8 25. Rxd8 Qxd8 26. fxg6
hxg6 27. Be3 Qd6 28. Bf4 Qe7 29. Qxe7 Bxe7 30. Kf2 Nc8 31. Be5+ Bf6 32. Bxf6+
Kxf6 33. Kf3 Nd6 34. c4 c5 35. a3 Ke5 36. Ke3 f5 37. h4 Ne4 38. Bc2 Nxg3 39. b4
b6 40. a4 cxb4 41. Bb3 Ne4 42. Bc2 Nc5 43. Kf3 b3 44. Bb1 Nxa4 0-1

[Event "1er festival tournois fermés EB"]
[Site "?"]
[Date "2013.10.28"]
[Round "3"]
[White "Maisonnet, Emmanuel"]
[Black "Bordas, Laurent"]
[Result "1-0"]
[WhiteElo "1694"]
[BlackElo "1556"]
[PlyCount "85"]

1. d4 d5 2. c4 c6 3. Nc3 e6 4. Nf3 Nf6 5. Bg5 Nbd7 6. Qc2 Bb4 7. a3 Qa5 8. Rc1
Be7 9. e3 h6 10. Bxf6 Nxf6 11. Bd3 O-O 12. O-O Bd7 13. e4 dxc4 14. Bxc4 Rac8
15. Rfe1 b5 16. Ba2 b4 17. axb4 Bxb4 18. Bb1 g6 19. Ne5 Kg7 20. Re3 Qb6 21.
Nxg6 fxg6 22. e5 Be8 23. exf6+ Rxf6 24. Ne4 Rf8 25. Nc5 Bxc5 26. dxc5 Qd8 27.
Rxe6 Qg5 28. Rce1 Bf7 29. Qc3+ Kh7 30. Re7 h5 31. Rxa7 Kh6 32. Ree7 Qd5 33.
Qc1+ Kg7 34. Be4 Qd4 35. Qb1 Qf6 36. b4 Kh6 37. Qc1+ Kg7 38. h3 Rce8 39. Rxe8
Rxe8 40. Bf3 Rd8 41. Rc7 Qd4 42. Qe1 Re8 43. Qxe8 1-0

[Event "1er festival tournois fermés EB"]
[Site "?"]
[Date "2013.10.28"]
[Round "3"]
[White "Roch, Florian"]
[Black "Sebille, Alain"]
[Result "1-0"]
[WhiteElo "1787"]
[BlackElo "1880"]
[PlyCount "121"]

1. Nf3 d5 2. g3 c5 3. c4 d4 4. d3 Nc6 5. Bf4 f6 6. Bg2 e5 7. Bd2 Bd6 8. Na3 a6
9. Nc2 Be6 10. Rb1 a5 11. Na3 Qd7 12. Nb5 Bb8 13. Qa4 Nge7 14. Qa3 Nb4 15. O-O
Bh3 16. Ne1 Bxg2 17. Nxg2 f5 18. Bxb4 cxb4 19. Qb3 O-O 20. e3 f4 21. exf4 exf4
22. Qd1 f3 23. Nh4 Qg4 24. Re1 Nc6 25. Re4 Qh5 26. Ng2 Ra6 27. Nxd4 Nxd4 28.
Rxd4 Qh3 29. Ne1 Raf6 30. Rh4 Qf5 31. Nc2 g5 32. Ne3 Qd7 33. Re4 h5 34. Nd5 Rh6
35. Re7 Qc8 36. Qe1 h4 37. Re5 Qg4 38. Ne7+ Kg7 39. Qe4 Qh5 40. Nf5+ Rxf5 41.
Rxf5 Bd6 42. Qd4+ Kh7 43. Qe4 Kh8 44. g4 Qg6 45. Rxa5 Qf7 46. Ra8+ Kg7 47. Qd4+
Rf6 48. Re1 Be7 49. Ra5 Kh6 50. Qe5 Bd8 51. Qxg5+ Kh7 52. Qh5+ Qxh5 53. Rxh5+
Kg6 54. Rb5 b6 55. Rxb4 Rd6 56. Re3 Rf6 57. Rb5 Bc7 58. d4 Rf4 59. h3 Rxd4 60.
Rxf3 Rxc4 61. Rc3 1-0

[Event "1er festival tournois fermés EB "]
[Site "?"]
[Date "2013.10.28"]
[Round "4"]
[White "Armentia, Julien"]
[Black "Armentia, Marc"]
[Result "1/2-1/2"]
[WhiteElo "1637"]
[BlackElo "1648"]
[PlyCount "84"]
[EventDate "2013.??.??"]

1. e4 e5 2. Nf3 Nc6 3. Bb5 Bc5 4. O-O Nf6 5. Nxe5 Nxe5 6. d4 c6 7. dxe5 Nxe4 8.
Bd3 d5 9. exd6 Nf6 10. Bg5 O-O 11. Qf3 Qxd6 12. Bxf6 Qxf6 13. Qxf6 gxf6 14. Nd2
Bb6 15. Ne4 Kg7 16. Nd6 Bc7 17. Nf5+ Bxf5 18. Bxf5 Rad8 19. Rad1 Rxd1 20. Rxd1
Rd8 21. Rxd8 Bxd8 22. b4 a5 23. c3 axb4 24. cxb4 Be7 25. Bc8 b6 26. Bb7 Bxb4
27. Bxc6 f5 28. f4 Kf6 29. Bd7 h6 30. Kf2 Bf8 31. Kg3 Bd6 32. Kf3 Bc5 33. g3
Bg1 34. Kg2 Bc5 35. Kh3 Bg1 36. a4 Bc5 37. Kh4 Kg6 38. g4 fxg4 39. f5+ Kg7 40.
Kxg4 f6 41. h4 Bf2 42. h5 Bd4 1/2-1/2

[Event "1er festival tournois fermés EB"]
[Site "?"]
[Date "2013.10.28"]
[Round "4"]
[White "Boizante, Yvain"]
[Black "Perez, Patrick"]
[Result "1-0"]
[WhiteElo "2190"]
[BlackElo "1807"]
[PlyCount "47"]

1. Nf3 g6 2. e4 Bg7 3. d4 e6 4. c4 d6 5. Nc3 Nd7 6. Be2 Ne7 7. O-O O-O 8. Be3
a6 9. Qd2 Re8 10. Bh6 Bh8 11. Ng5 e5 12. d5 Nf8 13. f4 f6 14. Nf3 Bg4 15. fxe5
Bxf3 16. exf6 Bxf6 17. Rxf3 Nd7 18. Raf1 Kh8 19. Rxf6 Nxf6 20. Rxf6 Ng8 21. Rf7
Nf6 22. Bg7+ Kg8 23. Bxf6 Qc8 24. Qh6 1-0

[Event "1er festival tournois fermés EB"]
[Site "?"]
[Date "2013.10.28"]
[Round "4"]
[White "Sebille, Alain"]
[Black "Maisonnet, Emmanuel"]
[Result "1-0"]
[WhiteElo "1880"]
[BlackElo "1694"]
[PlyCount "51"]

1. d4 Nf6 2. c4 g6 3. Nc3 Bg7 4. e4 d6 5. f3 O-O 6. Be3 Nbd7 7. Bd3 c5 8. d5 a6
9. g4 Ne5 10. h4 Qb6 11. Rb1 Nfxg4 12. fxg4 Bxg4 13. Be2 Nxc4 14. Qc1 Nxe3 15.
Qxe3 Bd4 16. Qg3 Bd7 17. h5 Qb4 18. hxg6 fxg6 19. Kd2 Bxc3+ 20. Qxc3 Qxe4 21.
Nh3 Qxd5+ 22. Kc2 Bf5+ 23. Bd3 Bxh3 24. Rxh3 Qg2+ 25. Kb3 Qxh3 26. Bc4+ 1-0

[Event "1er festival tournois fermés EB"]
[Site "?"]
[Date "2013.10.28"]
[Round "4"]
[White "Bordas, Laurent"]
[Black "Alard, Pierre"]
[Result "0-1"]
[WhiteElo "1556"]
[BlackElo "1793"]
[PlyCount "68"]

1. d4 Nf6 2. c4 g6 3. Nc3 Bg7 4. e4 d6 5. Nf3 O-O 6. Be2 e5 7. d5 Nbd7 8. O-O
Nc5 9. Qc2 a5 10. Be3 Na6 11. a3 Bd7 12. Rac1 h6 13. b3 Ne8 14. Qd2 Kh7 15. Bd3
f5 16. exf5 gxf5 17. Ne1 e4 18. Bb1 Qh4 19. g3 Qh3 20. Ng2 Be5 21. Nf4 Bxf4 22.
Bxf4 Nf6 23. f3 Nc5 24. Qb2 Rae8 25. fxe4 Ncxe4 26. Rce1 Rg8 27. Nxe4 Nxe4 28.
Bxe4 fxe4 29. Re3 Bg4 30. Rfe1 Bf3 31. b4 axb4 32. axb4 h5 33. R3e2 h4 34. Qf6
hxg3 0-1

[Event "1er festival tournois fermés EB"]
[Site "?"]
[Date "2013.10.28"]
[Round "4"]
[White "Merlet, François"]
[Black "Roch, Florian"]
[Result "0-1"]
[WhiteElo "1635"]
[BlackElo "1787"]
[PlyCount "148"]

1. d4 Nf6 2. Nf3 e6 3. Bg5 d5 4. e3 Be7 5. Nbd2 O-O 6. Bd3 Nbd7 7. c3 c5 8. Bf4
a6 9. Ne5 Qb6 10. Qb3 Qa7 11. Qd1 Qb6 12. Qb3 Qxb3 13. axb3 Nh5 14. Nxd7 Bxd7
15. Bc7 Rac8 16. Bb6 cxd4 17. Bxd4 Bd6 18. f4 f5 19. Nf3 Nf6 20. Be5 Bc5 21.
Bd4 Ng4 22. Ke2 Nf6 23. b4 Bd6 24. Be5 Be7 25. Nd4 Ng4 26. Nf3 Be8 27. h3 Nf6
28. Rag1 Bh5 29. g4 fxg4 30. hxg4 Bxg4 31. Bxh7+ Kf7 32. Bxf6 Bxf3+ 33. Kxf3
Bxf6 34. Bg6+ Ke7 35. Rh7 Ra8 36. Rgh1 a5 37. b5 a4 38. Ra1 Rfc8 39. Bd3 a3 40.
Rxa3 Rxa3 41. bxa3 Rxc3 42. Ke2 Rxa3 43. Rh8 Ra2+ 44. Kd1 Bc3 45. Kc1 Bd2+ 46.
Kb1 Ra3 47. Kc2 Bxe3 48. Rb8 b6 49. Rb7+ Kf6 50. Rb8 Bc5 51. Rh8 Ra4 52. Rh4
Be3 53. Rg4 Rxf4 54. Rg3 Bc5 55. Rg6+ Kf7 56. Rg3 e5 57. Bg6+ Kf6 58. Be8 g5
59. Rh3 Kg7 60. Rg3 Be7 61. Bc6 d4 62. Rg1 Rf2+ 63. Kd3 Kf6 64. Ke4 Re2+ 65.
Kf3 Rc2 66. Kg4 Rc3 67. Rb1 Re3 68. Bd5 Kg6 69. Rf1 d3 70. Be6 d2 71. Rd1 Bb4
72. Bf5+ Kf6 73. Bc2 Re1 74. Kf3 e4+ 0-1

[Event "1er festival tournois fermés EB"]
[Site "?"]
[Date "2013.10.29"]
[Round "5"]
[White "Armentia, Marc"]
[Black "Boizante, Yvain"]
[Result "0-1"]
[WhiteElo "1648"]
[BlackElo "2190"]
[PlyCount "78"]

1. e4 c5 2. c3 d5 3. exd5 Qxd5 4. d4 Nf6 5. Nf3 Bg4 6. Be2 e6 7. h3 Bh5 8. O-O
Nc6 9. Be3 cxd4 10. Nxd4 Bxe2 11. Nxe2 Be7 12. Nf4 Qa5 13. Qf3 O-O 14. Nd2 e5
15. Ne2 Rad8 16. Nb3 Qd5 17. Qxd5 Rxd5 18. c4 Rd3 19. Rad1 Rfd8 20. Rxd3 Rxd3
21. Nc3 Bb4 22. Rd1 e4 23. Bg5 Bxc3 24. Rxd3 exd3 25. bxc3 Ne4 26. Bd2 Na5 27.
Nc1 Nxd2 28. Nxd3 Naxc4 29. f3 Nb1 30. Kf2 Nxc3 31. g4 Nxa2 32. Nc5 b5 33. Ke2
a5 34. Kd3 Nb4+ 35. Kc3 Nd5+ 36. Kd3 Nf4+ 37. Kc3 Nxh3 38. Nb7 Ng1 39. f4 Ne2+
0-1

[Event "1er festival tournois fermés EB"]
[Site "?"]
[Date "2013.10.29"]
[Round "5"]
[White "Roch, Florian"]
[Black "Armentia, Julien"]
[Result "1-0"]
[WhiteElo "1787"]
[BlackElo "1637"]
[PlyCount "69"]

1. e4 e5 2. Nf3 Nc6 3. Bb5 f5 4. d3 fxe4 5. dxe4 Nf6 6. O-O Bc5 7. Bxc6 bxc6 8.
Nxe5 O-O 9. Nc3 Qe8 10. Nd3 d6 11. Nxc5 dxc5 12. Qe2 a5 13. Qc4+ Kh8 14. Qxc5
Bh3 15. gxh3 Nxe4 16. Nxe4 Qxe4 17. Qe3 Qxc2 18. Re1 Rad8 19. Qe2 Qf5 20. Be3
Rd6 21. f3 Rg6+ 22. Kh1 Qxh3 23. Bc5 Rg8 24. Rad1 Qf5 25. Bd4 Rd6 26. Rg1 Rd7
27. Qe4 Qf7 28. Bc3 Rxd1 29. Rxd1 a4 30. a3 Re8 31. Qg4 h5 32. Rd7 hxg4 33.
Rxf7 Re3 34. fxg4 Kg8 35. Rxg7+ 1-0

[Event "1er festival tournois fermés EB"]
[Site "?"]
[Date "2013.10.29"]
[Round "5"]
[White "Alard, Pierre"]
[Black "Sebille, Alain"]
[Result "0-1"]
[WhiteElo "1793"]
[BlackElo "1880"]
[PlyCount "72"]

1. d4 Nf6 2. Bf4 g6 3. e3 Bg7 4. Be2 O-O 5. h3 d6 6. Nf3 Nbd7 7. O-O c5 8. c3
a6 9. a4 b6 10. Nbd2 Bb7 11. Qc2 Qc7 12. Bh2 Qc6 13. Ne1 e5 14. Bf3 e4 15. Be2
d5 16. Qd1 Ne8 17. Nc2 f5 18. a5 c4 19. Nb4 Qe6 20. axb6 a5 21. Nc2 Qxb6 22. b3
cxb3 23. Nxb3 Qxb3 24. Rb1 Qxc3 25. Rxb7 Qc6 26. Rb5 Nd6 27. Bxd6 Qxd6 28. Qa1
Rfc8 29. Qa2 Nb6 30. Na3 Bf8 31. Rfb1 Qxa3 32. Qxa3 Bxa3 33. Rxb6 Bb4 34. Ba6
Rab8 35. Bxc8 Rxb6 36. Be6+ Rxe6 0-1

[Event "1er festival tournois fermés EB"]
[Site "?"]
[Date "2013.10.29"]
[Round "5"]
[White "Maisonnet, Emmanuel"]
[Black "Merlet, François"]
[Result "1-0"]
[WhiteElo "1694"]
[BlackElo "1635"]
[PlyCount "115"]

1. d4 d5 2. c4 e6 3. Nf3 Nf6 4. a3 c6 5. Nc3 Nbd7 6. Qc2 Qa5 7. Bd2 Qd8 8. e3
Bd6 9. Be2 O-O 10. O-O a6 11. b4 b5 12. c5 Bc7 13. a4 Bb7 14. axb5 axb5 15. Kh1
e5 16. dxe5 Nxe5 17. Nxe5 Bxe5 18. f4 Bxc3 19. Bxc3 Qe7 20. Bxf6 Qxf6 21. Rxa8
Rxa8 22. Bd3 h6 23. e4 Ra1 24. Rxa1 Qxa1+ 25. Qb1 Qxb1+ 26. Bxb1 dxe4 27. Bxe4
Kf8 28. Kg1 Ke7 29. Kf2 Ke6 30. h4 f5 31. Bf3 Kf6 32. Ke3 g5 33. fxg5+ hxg5 34.
g3 f4+ 35. gxf4 gxh4 36. Ke4 h3 37. Bh1 h2 38. Kf3 Kf5 39. Kg3 Ba8 40. Bg2 Bb7
41. Kf3 Ba8 42. Ke3 Bb7 43. Be4+ Kf6 44. Kf2 h1=Q 45. Bxh1 Kf5 46. Ke3 Kf6 47.
Be4 Ba8 48. Kf3 Bb7 49. Kg3 Kg7 50. Kh4 Kf6 51. Kh5 Ba8 52. Kh6 Bb7 53. Kh7 Kf7
54. Bf5 Kf6 55. Bd7 Ke7 56. Kg7 Kxd7 57. f5 Kd8 58. f6 1-0

[Event "1er festival tournois fermés EB"]
[Site "?"]
[Date "2013.10.29"]
[Round "5"]
[White "Perez, Patrick"]
[Black "Bordas, Laurent"]
[Result "1-0"]
[WhiteElo "1807"]
[BlackElo "1556"]
[PlyCount "239"]

1. c4 e5 2. g3 Nf6 3. Bg2 c6 4. a3 d5 5. cxd5 cxd5 6. d3 Bc5 7. Nf3 Nc6 8. O-O
O-O 9. Nc3 h6 10. b4 Bd6 11. Bb2 Be6 12. e3 Re8 13. Rc1 Rc8 14. Rc2 d4 15. exd4
Bb3 16. dxe5 Bxc2 17. Qxc2 Bxe5 18. Rd1 Nd4 19. Qd2 Nxf3+ 20. Bxf3 Bxc3 21.
Bxc3 Nd5 22. Ba1 Qd7 23. Qb2 Nf6 24. Qd2 Nh7 25. Qb2 f6 26. Qb3+ Kh8 27. h4 Rc7
28. Bg2 Rec8 29. Bd5 Nf8 30. Bf3 Qf5 31. Be4 Qg4 32. Bd5 b6 33. d4 Qg6 34. Re1
Qc2 35. Re3 Qb1+ 36. Kg2 Qc2 37. b5 Qxb3 38. Bxb3 Rd8 39. a4 g5 40. hxg5 hxg5
41. d5 Kg7 42. Rf3 Nd7 43. Rf5 Kg6 44. g4 Re8 45. Kg3 Re2 46. Bd4 Re4 47. Be3
Rc3 48. Bd1 Ra3 49. Bc2 Nc5 50. Bxe4 Nxe4+ 51. Kg2 Rxa4 52. Rf3 Nd6 53. Bc1
Rxg4+ 54. Kf1 Rb4 55. Ba3 Rb1+ 56. Kg2 Nxb5 57. Rd3 Nc7 58. d6 Ne6 59. d7 Ra1
60. Be7 Kf7 61. Bd6 Ra4 62. Bc7 Ke7 63. d8=Q+ Nxd8 64. Bxd8+ Ke6 65. Re3+ Kf5
66. Rf3+ Rf4 67. Ra3 a5 68. Bxb6 a4 69. Be3 Rc4 70. Kf3 Kg6 71. Rd3 Rc6 72. Ra3
Rc4 73. Kg2 Kh5 74. Rd3 Rc6 75. Rd4 Ra6 76. Rd2 Kg6 77. Bc5 Kh5 78. Ba3 Kg6 79.
Rd4 Kh5 80. Kg3 Kg6 81. Rc4 Kh5 82. Rc3 Kg6 83. Rf3 Rb6 84. Kg2 Ra6 85. Be7 Rb6
86. Rd3 Ra6 87. Rd6 Rxd6 88. Bxd6 f5 89. Kg3 Kf6 90. Kf3 Ke6 91. Ba3 Kf6 92.
Ke3 Kg6 93. Kd4 Kf6 94. Kd5 g4 95. Bb2+ Kg5 96. Ke5 Kg6 97. Kf4 Kh5 98. Kxf5
Kh4 99. Kf4 Kh3 100. Bd4 Kh4 101. Bb2 Kh3 102. Ba3 Kh4 103. Bc5 Kh3 104. Be7
Kg2 105. Ke3 Kh3 106. Bd6 Kh4 107. Kd3 Kh3 108. Kc3 Kg2 109. Bg3 Kh3 110. Kb4
Kg2 111. Kxa4 Kf3 112. Kb4 Ke4 113. Kc4 Kf5 114. Kd4 Kg5 115. Ke4 Kh5 116. Kf4
Kg6 117. Kxg4 Kf6 118. Kf4 Kg6 119. Ke5 Kf7 120. f4 1-0

[Event "1er festival tournois fermés EB"]
[Site "?"]
[Date "2013.10.30"]
[Round "6"]
[White "Armentia, Marc"]
[Black "Roch , Florian"]
[Result "0-1"]
[WhiteElo "1648"]
[BlackElo "1787"]
[PlyCount "96"]

1. e4 c6 2. d4 d5 3. exd5 cxd5 4. Bd3 Nc6 5. c3 Nf6 6. Nf3 Bg4 7. h3 Bh5 8. O-O
e6 9. Bf4 Bd6 10. Bxd6 Qxd6 11. Nbd2 O-O 12. Re1 a6 13. a4 Bg6 14. Bxg6 hxg6
15. Ne5 Ne7 16. Ndf3 Nh7 17. Qb3 Rab8 18. Qb4 Qxb4 19. cxb4 Rbc8 20. Rac1 Rfd8
21. Nd3 b6 22. a5 b5 23. Nd2 Nf5 24. Nb3 Rc4 25. Rxc4 dxc4 26. Ndc5 cxb3 27.
Nxa6 Nxd4 28. Nc5 Nc2 29. Nb7 Rb8 30. Rd1 Rxb7 31. Rd8+ Nf8 32. Ra8 Nxb4 33. a6
Nxa6 34. Rxa6 Rc7 35. Ra3 Rc1+ 36. Kh2 Rc2 37. Rxb3 Rxf2 38. Kg3 Rc2 39. Rxb5
Rc7 40. b4 f6 41. Rb6 Kf7 42. Kf3 Nd7 43. Ra6 Rb7 44. h4 Rxb4 45. Ra7 Ke7 46.
g4 Kd6 47. g5 Rxh4 48. gxf6 gxf6 0-1